| 000 | 00871nam a2200205Ii 4500 | ||
|---|---|---|---|
| 003 | JO-AjNU | ||
| 008 | 230605s9999||||xx |||||||||||||| ||und|| | ||
| 040 |
_aJO-AjNU _bara _erda _cJO-AjNU |
||
| 041 | _aara | ||
| 050 | 1 | 4 | _aHD30.22.S25.2007 |
| 100 | 3 |
_aالسيفو،وليد اسماعيل/عبدالحفيظ قدور بلعربي/سعد خضير عباس الرهيمي, _eauthor _930516 |
|
| 245 | 0 | 0 | _aالاقتصاد الاداري:مدخل كمي في استراتيجية اتخاذ القرار=MANAGERIAL ECONOMICS:Quantitative Approach for StrTEGY OF Decision Making |
| 250 | _aط1 العربية | ||
| 264 | 3 | 1 | _aعمان:الاهلية للنشر والتوزيع،2007 |
| 300 | _a272ص | ||
| 336 |
_atext _btxt _2rdacontent |
||
| 337 |
_aunmediated _bn _2rdamedia |
||
| 338 |
_avolume _bnc _2rdacarrier |
||
| 650 | 4 |
_aالاقتصاد-ادارة _930517 |
|
| 999 |
_aA12106 _c15674 _d15674 |
||